000 00570nam a2200229Ia 4500
008 160803s9999 xx 000 0 und d
020 _a978-0545085984
100 _aGore, Leonid
245 4 _aThe wonderful book /
245 _cLeonid Gore.
260 _aNew York :
260 _bScholastic Inc.
260 _c2010
300 _a1 volume, 27 unnumbered pages :
300 _bcolor illustrations ;
300 _c29 cm
650 _aBooks and reading --
650 _aForest animals --
650 _xFiction.
650 _xFiction.
700 _a390
999 _c298355
_d298355